Les vainqueurs du Dakar en moto - Statistiques

Statistiques générales
  • Ce quiz a été pris 41 fois
    35 depuis la dernière actualisation
  • Le résultat moyen est 24 sur 44
Statistiques - réponses
Année Marque Initiales Pilote Nationalité % Correct
1991 Yamaha SP Stéphane Peterhansel Français
90%
1992 Yamaha SP Stéphane Peterhansel Français
90%
1993 Yamaha SP Stéphane Peterhansel Français
90%
1995 Yamaha SP Stéphane Peterhansel Français
90%
1997 Yamaha SP Stéphane Peterhansel Français
90%
1998 Yamaha SP Stéphane Peterhansel Français
90%
2005 KTM CD Cyril Despres Français
68%
2007 KTM CD Cyril Despres Français
68%
2010 KTM CD Cyril Despres Français
68%
2012 KTM CD Cyril Despres Français
68%
2013 KTM CD Cyril Despres Français
68%
1981 BMW HA Hubert Auriol Français
68%
1983 BMW HA Hubert Auriol Français
68%
2021 Honda KB Kevin Benavides Argentin
68%
2023 KTM KB Kevin Benavides Argentin
68%
2006 KTM MC Marc Coma Espagnol
61%
2009 KTM MC Marc Coma Espagnol
61%
2011 KTM MC Marc Coma Espagnol
61%
2014 KTM MC Marc Coma Espagne
61%
2015 KTM MC Marc Coma Espagnol
61%
2004 KTM NR Nani Roma Espagnol
58%
2017 KTM SS Sam Sunderland Britannique
58%
2022 GasGas SS Sam Sunderland Britannique
58%
2016 KTM TP Toby Price Australien
58%
2019 KTM TP Toby Price Australien
58%
1979 Yamaha CN Cyril Neveu Français
52%
1980 Yamaha CN Cyril Neveu Français
52%
1982 Honda CN Cyril Neveu Français
52%
1986 Honda Cyril Neveu Français
52%
1987 Honda Cyril Neveu Français
52%
2020 Honda RB Ricky Brabec Américain
45%
2001 KTM FM Fabrizio Meoni Italien
32%
2002 KTM FM Fabrizio Meoni Italien
32%
2018 KTM MW Matthias Walkner Autriche
32%
1984 BMW GR Gaston Rahier Belge
26%
1985 BMW Gaston Rahier Belge
26%
1989 Honda Gilles Lalay Français
26%
1999 BMW RS Richard Sainct Français
26%
2000 BMW RS Richard Sainct Français
26%
2003 KTM RS Richard Sainct Italien
26%
1988 Honda Edi Orioli Italien
23%
1990 Cagiva EO Edi Orioli Italien
23%
1994 Cagiva EO Edi Orioli Italien
23%
1996 Yamaha EO Edi Orioli Italien
23%
Aucun quiz correspondant
Distribution des résultats
% des personnes avec chaque résultat
Percentile par nombre de réponses
Votre historique - résultats
Vous n’avez pas pris ce quiz depuis la dernière actualisation